00454 2200169 4500001002100000008004100021035002000062245003700082100002100119260005000140300001200190020002200202084001400224082000800238650002000246990001800266INLIS000000000000921 ind  a0010-0724000921 aGaya Dan GerakcRobinson Richard aRobinson Richard aSolo :bTiga Serangkai Pustaka Mandiri,c2008 a32 hlm. a978-979-018-571-5 a500 ROB s a500 aIlmu-Ilmu Murni aP29/CP/24/921